| 000 | 00917cam a2200301 i 4500 | ||
|---|---|---|---|
| 999 |
_c200431458 _d49670 |
||
| 001 | 200431458 | ||
| 003 | TR-AnTOB | ||
| 005 | 20241121151303.0 | ||
| 008 | 001024t2004 tu g 00000 tur d | ||
| 020 | _a9756267208 | ||
| 040 |
_aGAZIU _beng _erda _cTR-AnTOB _dTR-AnTOB |
||
| 041 | 0 | _atur | |
| 050 | 0 | 0 | _aLB2326.4 |
| 090 |
_aLB2326.4 _b.N37 2004 |
||
| 245 | 0 | 0 |
_aNasıl bir üniversite? / _ceditör Prof. Dr. Coşkun Can Aktan. |
| 250 | _a1. baskı | ||
| 264 | 1 |
_aİstanbul : _bDeğişim yayınları, _c2004. |
|
| 264 | 4 | _c©2004 | |
| 300 |
_a240 pages ; _c20 cm. |
||
| 336 |
_atext _btxt _2rdacontent |
||
| 337 |
_aunmediated _bn _2rdamedia |
||
| 338 |
_avolume _bnc _2rdacarrier |
||
| 650 | 7 |
_aEğitim, Yüksek _2etuturkob _975841 |
|
| 650 | 0 |
_aÜniversiteler ve yüksekokullar _zTürkiye _975060 |
|
| 700 | 1 |
_aAktan, Coşkun Can, _d1963- _eeditor _926742 |
|
| 942 |
_2lcc _cBK |
||